Ζητήματα θεωρίας και μεθόδου των κοινωνικών επιστημών

Αποθηκεύτηκε σε:
Λεπτομέρειες βιβλιογραφικής εγγραφής
Άλλοι συγγραφείς: Παπαϊωάννου, Σκεύος Μ., 1947- (Επιμελητής έκδοσης)
Μορφή: Βιβλίο
Γλώσσα:Greek
Δημοσίευση: [Αθήνα] : Κριτική, 2007
Σειρά:Επιστημονική βιβλιοθήκη (Κριτική)
Θέματα:
Ετικέτες: Προσθήκη ετικέτας
Δεν υπάρχουν, Καταχωρήστε ετικέτα πρώτοι!

MARC

LEADER 00000cam a2200000 i 4500
001 1/80436
008 080404s2007 gre d
020 |a 978-960-218-546-9 
035 |l 10096212 
040 |a GR-MY-UA  |b gre  |e aacr 
041 0 |a gre 
082 0 |a 301.01  |2 (22) 
245 1 0 |a Ζητήματα θεωρίας και μεθόδου των κοινωνικών επιστημών /  |c Σκεύος Παπαϊωάννου (επιμέλεια) 
260 |a [Αθήνα] :   |b Κριτική,   |c 2007 
300 |a 593 σ.;  |c 24 εκ. 
490 1 |a Επιστημονική Βιβλιοθήκη 
504 |a Περιέχει βιβλιογραφικές παραπομπές 
650 0 0 |a Social sciences  |x Methodology. 
650 0 0 |a Sociology  |x Methodology. 
700 1 |4 edt  |a Παπαϊωάννου, Σκεύος Μ.,   |d 1947- 
830 0 |a Επιστημονική βιβλιοθήκη (Κριτική) 
852 |a INST  |b LESVOS  |e 20080404  |h 301.01 ΖΗΤ  |p 005100039514  |q 005100039514  |t BK  |y 0 
852 |a INST  |b LESVOS  |e 20100318  |h 301.01 ΖΗΤ  |p 005100046884  |q 005100046884  |t BK  |y 0 
852 |a INST  |b LESVOS  |c EUDOXUS  |e 20140523  |h 301.01 ΖΗΤ  |p 005100054304  |q 005100054304  |t EDX  |y 0 
852 |a INST  |b LESVOS  |c EUDOXUS  |e 20140523  |h 301.01 ΖΗΤ  |p 005100054305  |q 005100054305  |t EDX  |y 0 
852 |a INST  |b LESVOS  |c EUDOXUS  |e 20140523  |h 301.01 ΖΗΤ  |p 005100054306  |q 005100054306  |t EDX  |y 0 
901 |a BIBL1-2008-1 
901 |a BIBL1-2009-2 
901 |a BIBL1-2014-2 
920 |a ΕΥΔΟΞΟΣ  |b ΠΑΡΑΓΓΕΛΙΑ  |y ΛΕΣΒΟΣ-ΤΚ  |z 2014-04 
970 |a ΚΑΡΑ  |b ΓΙΑΣΕΜΗ  |z 2008/04/04